MDQL
is popping MORE tags! Check the
thread
!
Quizzes
Events
Quiz Creation
Community
Videos
Private Events
Remove Ads
Sign In
Join for FREE
Feedback
Dark Mode
Quiz Categories
Sports
Geography
Music
Movies
Television
Just For Fun
Miscellaneous
History
Literature
Language
Science
Gaming
Entertainment
Religion
Holiday
For Kids
Quiz Lab
Recent
Popular Today
Quiz Kudos Today
Editor Picks
Curator Picks
Quizzes by...
Day
Popularity
Type
Ratings
Length
Year
Community
Subscriptions
Recent Discussions
Orange Saloon
Badges
Playlists
Quests
Create
Leaderboards
Showdown
Live 5
Trivia Bingo
Activity
Puzzle Library
Sporcle Events
Private Events
Virtual Trivia
Globe League
Become a Host
Pub Owners
SporcleCon
Opinionation
Our Games
Videos
Blog
Mobile Apps
Partnerships
Remove Ads and Go Orange
Feedback
Entertainment
Celebrity
Famous
Musical
Broadway
Show
Quote
Comic Books
Anime
Superhero
DC Comics
Marvel
Cartoons
Animation
Entertainment
Celebrity
Famous
Musical
Broadway
Show
Quote
Comic Books
Anime
Superhero
DC Comics
Marvel
Cartoons
Animation
Random Quiz
Search Sporcle
×
Quiz Lab
Quiz Lab
Entertainment
Marvel
Type answers based on single images at one time
Type answers based on single images at one time
Slideshow
Best Score? Go Orange.
Marvel Slideshow - 200 Spider-Man Foes Stats
Can you name the Spider-Man foe?
By
Sebanovich
20m
200 Questions
541 Plays
541 Plays
541 Plays
Comments
Comments
Give Quiz Kudos
Give Quiz Kudos
-
- Ratings
hide this ad
More Info
Replay
Link that replays current quiz
Next Quiz
Link to next quiz in quiz playlist
You Got
0%
They Got
Avg Score
40%
Avg Friend Score
Upgrade to see
Score Distribution
Jump to the score distribution portion of the page
Score
0/200
Timer
20:00
0
Plays Today
% Correct
Electro
93%
Kraven the Hunter
92.8%
Green Goblin
88.9%
Kingpin
87.6%
Doctor Octopus
86.9%
Shocker
86.3%
Sandman
86.1%
Scorpion
86%
Vulture
85.6%
Venom
84.7%
Hobgoblin
82.8%
Black Cat
82.6%
Tombstone
82.1%
Scarecrow
82.1%
Juggernaut
80.2%
Rhino
79.5%
Doctor Doom
79.3%
Chameleon
78.9%
Mysterio
78.9%
Carnage
78.6%
Hammerhead
78.2%
Jack O'Lantern
77.6%
Beetle
76.7%
Lizard
76%
The Punisher
74.7%
Medusa
74.5%
Morbius
74.1%
Silver Sable
73.8%
Hulk
73.8%
Boomerang
72.3%
The Burglar
71.9%
Jackal
71%
Spot
70.8%
Tarantula
70.4%
Tinkerer
70.2%
Hydro-Man
70.2%
Prowler
69.7%
Vermin
62.8%
Swarm
62.3%
Frog-Man
61.2%
Molten Man
60.8%
Man-Wolf
60.8%
Big Wheel
60.4%
Lady Octopus
60.4%
White Rabbit
60.3%
Grizzly
59.9%
JJ Jameson
59.3%
Walrus
58.4%
Speed Demon
58%
Alyosha Kravinoff
58%
Demogoblin
57.9%
Mister Negative
57.9%
Puma
57.7%
Kangaroo
57.1%
Grey Goblin
56%
Trapster
55.6%
Will-O'-The-Wisp
55.3%
Enforcers
55.1%
Hippo
54%
Cardiac
53.8%
Silvermane
53.8%
Black Tarantula
53.6%
Rocket Racer
52.9%
Morlun
52.7%
Big Man
52.3%
Carrion
51.8%
The Rose
51.6%
% Correct
Human Fly
51.4%
Kaine
51%
Shriek
50.6%
Gibbon
50.1%
Doppelganger
49.5%
Jester
49.2%
Stegron
49%
Calypso
47.5%
Living Brain
47.1%
Scream
46.4%
Squid
46.2%
Spidercide
44.5%
Sin-Eater
44.4%
Screwball
43.3%
Basilisk
43.1%
Videoman
40.9%
Killer Shrike
40.7%
Black Fox
39%
Slyde
38.6%
Scorpia
38.1%
Riot
37%
Cyclone
36.8%
Thunderbolts
35.9%
Man Mountain Marko
35.9%
Spider-Slayer
35.7%
Styx and Stone
34.8%
Ringer
34%
Mister Fear
33.6%
Crime Master
32.9%
Looter
32.3%
Mindworm
32.2%
Ana Kravinoff
31.2%
Agony
30.7%
Overdrive
30.7%
Hypno-Hustler
30.5%
Mirage
30.1%
The Answer
29.9%
Chance
29.9%
Gog
29.9%
Judas Traveller
29.6%
Phage
29.4%
White Dragon
29%
Lasher
28.7%
Stunner
28.5%
Vladimir Kravinoff
27.5%
Iguana
27.4%
Vulturions
26.8%
Massacre
26.8%
Humbug
26.6%
Red Vulture
26.2%
Carlos Lobo
25.9%
Typeface
25.9%
Inheritors
25.7%
Blackout
25.7%
Mendel Stromm
25%
The Undertaker
24.8%
Menace
24.8%
Xanja
23.8%
Fusion
23.7%
Delilah
23.5%
Lightmaster
23.3%
Web-Man
23.1%
Hitman
23.1%
Blaze
22.7%
Raptor
22.6%
Sundown
22%
Ace Spencer
22%
% Correct
Xandu
21.6%
The Thousand
21.4%
Skinhead
21.3%
The Finisher
21.3%
Coldheart
21.3%
Override
21.1%
Banjo
21.1%
Firebrand
21.1%
Femmes Fatales
20.9%
Fusion
20.9%
Paperdoll
20.9%
Foreigner
20.7%
Shadrac
20.7%
Man-Monster
20.3%
Digger
20.3%
Bloodshed
20.1%
Freak
20.1%
Sandstorm
20%
Captain Power
20%
The Blank
20%
Corona
19.8%
Critical Mass
19.8%
Rapier
19.6%
Spacemen
19.4%
Manslaughter Marsdale
19.4%
Silencer
19.2%
Moondog the Malicious
19.2%
Shathra
19.2%
Blood Spider
19.2%
Sister Sun
19%
Nocturne
18.9%
Knight and Fogg
18.9%
DK
18.9%
Witchslayer
18.7%
Brother Power
18.7%
Silver Squad
18.5%
Megawatt
18.5%
Supercharger
18.3%
Warrant
17.9%
Disruptor
17.9%
Polestar
17.7%
Fracture
17.7%
Clash
17.7%
The Street
17.7%
Homo Arachnis
17.4%
Master of Vengeance
17.2%
El Toro Negro
17.2%
Jagged Bow
17.2%
Ero
17.2%
Sneak Thief
17%
Death-Shield
17%
Conundrum
17%
Extremist
16.8%
Buel
16.6%
Darter
16.6%
Shaker
16.5%
Charlie Weiderman
16.5%
Leroy Tallon
16.3%
El Dorado
15.9%
Tendril
15.5%
Elyse Nelson
14.8%
Big Murder
14.6%
Wicked Brigade
14.4%
Czar
14.4%
Kuhul Ajaw
13.9%
Enigma
13.5%
Quiz Playlist
Details
Report
Send in Message
Add To Playlist
More Info:
Thanks to the Appendix to the Handbook of the Marvel Universe ( www.marvunapp.com ) for the precious resources.
Slideshow:
Type answers based on single images at one time
Last Updated: Feb 16, 2017
Quiz Scoreboard
CHALLENGE
Sign Up to Join the Scoreboard
Show All
Scores
Hide
Comments
May contain spoilers
Recently Published
1-10 Letter E Words III
by El_Dandy
Language
2m
Street Fighter Characters
by Artimus82
Gaming
60s
College Basketball Coaching Resumes
by pancakes188
Sports
9m
More to Explore
Quiz From the Vault
Featured Blog Post
Where Did the Easter Bunny Come From?
hide this ad
You Might Also Like...
Tags
Marvel Quiz
200
foe
Slideshow
Spider-Man
Today's Top Quizzes in Entertainment
Browse Entertainment
hide this ad
Today's Top Quizzes in Marvel
Browse Marvel
Top Contributed Quizzes in Entertainment
1
7-to-1: DC Comics Villains
2
Marvel Characters Bunker
3
Dragon Ball Z: Goku's Fights in Order
4
Eurovision 2023 Logic Puzzle
5
Sorting Pictures: Villains
6
Criteria Quickie: Cartoon Taxonomy II
7
Mini Trivia Sudoku: Musicals
8
7-to-1: One Piece
9
Fictional Villains Letter U Blitz
10
Click the Cartoon Scott
Explore More
Trending Topics
Kpop
Crossword
Disney
Anime
Harry Potter
Marvel
NBA
The Office
Song
NFL
Puzzle
Country
WWE
Soccer
Pokémon
hide this ad
More By:
Sebanovich
Quiz
Plays
Rating
Category
Featured
Created
80's Slideshow - 100 Bands
3,765
4.80
Music
Aug 6, 2015
80's Slideshow - 100 Music Icons
1,750
4.70
Music
Aug 7, 2015
Marvel Slideshow - 200 Spider-Man Foes
541
5.00
Entertainment
Jul 19, 2015
Marvel Slideshow - The Serpent Society
197
5.00
Entertainment
Jul 23, 2015
Go to Creator's Profile
Score Distribution
Quiz Creator Spotlight
Sebanovich
Follow
Send a Message
Quizzes Created
-
Created Quiz Play Count
-
More By This Creator
Popular Quizzes Today
1
Find the US States - No Outlines Minefield
2
Find the Countries of Europe - No Outlines Minefield
3
The Countries of the World
4
Find the US States
5
Risky Map Clicking: Biggest States A-Z
6
US States
7
Popular People in 1961
8
Movies - When Are They Set?
More Entertainment Quizzes
The Magnus Archives Sorting Gallery
Quiz Lab
Trending Quizzes
Risky Map Clicking: Least Populous States A-Z
Billboard Blitz: Aretha Franklin
Famous Russians: Author or Composer?
1-10 Letter G Words
Countries of the World: 200 Million BC
Recently Updated
Leaping Animals
pecheneg
Reality TV Shows (A-Z)
bhenderson79
Rickey Henderson's Hall of Fame Teammates
pecheneg
Champions League XIs: Arsenal
pecheneg
Quick Pick: Celebrities in WWE's Hall of Fame
aduchscher
A-Z Keypad Blitz II
pecheneg
Multiple Oscar Actors
pecheneg
Mystery Phrase Blitz: Oscar 'Best Actors'
pecheneg
F. Scott Fitzgerald Novels
LTH
Pick 3 Villains
ddd62291
Trending Topics
Marvel
NBA
Kpop
Crossword
Anime
Disney
Harry Potter
Song
WWE
Puzzle
Country
Soccer
NFL
The Office
Pokémon
Your Account Isn't Verified!
In order to create a playlist on Sporcle, you need to verify the email address you used during registration. Go to your
Sporcle Settings
to finish the process.
Report this User
Report this user for behavior that violates our
Community Guidelines
.
Details:
Send Report
Go to the Sporcle.com Mobile Site →
Comments